La Primera Internacional (Record no. 122421)

MARC details
000 -LEADER
campo de control de longitud fija 01063nam a2200265 4500
001 - NÚMERO DE CONTROL
campo de control 122421
003 - IDENTIFICADOR DE NÚMERO DE CONTROL
campo de control ES-MaACL
005 - FECHA Y HORA DE LA ÚLTIMA TRANSACCIÓN
campo de control 20250915203443.0
007 - CAMPO FIJO DE DESCRIPCIÓN FÍSICA--INFORMACIÓN GENERAL
campo de control de longitud fija t|
008 - DATOS DE LONGITUD FIJA--INFORMACIÓN GENERAL
campo de control de longitud fija 070214s1973 sp r ||||1| spa d
245 03 - MENCIÓN DEL TÍTULO
Título La Primera Internacional
Resto del título : colección de documentos /
Mención de responsabilidad, etc. dirigida por Jacques Freymond ; traducción de M. Pecellin Lancharro.
260 ## - PUBLICACIÓN, DISTRIBUCIÓN, ETC.
Lugar de publicación, distribución, etc. Bilbao :
Nombre del editor, distribuidor, etc. Zero,
Fecha de publicación, distribución, etc. 1973.
300 ## - DESCRIPCIÓN FÍSICA
Extensión 2 v. ;
Dimensiones 20 cm.
505 8# - NOTA DE CONTENIDO CON FORMATO
Nota de contenido con formato Contiene: v. I: Congreso de Ginebra, 1866 ; Congreso de Lausana, 1867 ; Congreso de Bruselas, 1868 --- v. II: Congreso de Basilea, 1869 ; Conferencia de Londres, 1871 ; Congreso de La Haya, 1872
700 1# - ENTRADA AGREGADA--NOMBRE PERSONAL
Nombre de persona Freymond, Jacques.
9 (RLIN) 52566
700 1# - ENTRADA AGREGADA--NOMBRE PERSONAL
Nombre de persona Pecellín Lancharro, Manuel,
Fechas asociadas al nombre 1944-
9 (RLIN) 89834
740 0# - ENTRADA AGREGADA--TÍTULO RELACIONADO/ANALÍTICO NO CONTROLADO
Título relacionado o analítico no controlado Congreso de Ginebra, 1866.
740 0# - ENTRADA AGREGADA--TÍTULO RELACIONADO/ANALÍTICO NO CONTROLADO
Título relacionado o analítico no controlado Congreso de Lausana, 1867.
740 0# - ENTRADA AGREGADA--TÍTULO RELACIONADO/ANALÍTICO NO CONTROLADO
Título relacionado o analítico no controlado Congreso de Bruselas, 1868.
740 0# - ENTRADA AGREGADA--TÍTULO RELACIONADO/ANALÍTICO NO CONTROLADO
Título relacionado o analítico no controlado Congreso de Basilea, 1869.
740 0# - ENTRADA AGREGADA--TÍTULO RELACIONADO/ANALÍTICO NO CONTROLADO
Título relacionado o analítico no controlado Conferencia de Londres, 1871.
740 0# - ENTRADA AGREGADA--TÍTULO RELACIONADO/ANALÍTICO NO CONTROLADO
Título relacionado o analítico no controlado Congreso de La Haya, 1872.
852 ## - LOCALIZACIÓN
Ubicación ES-MaACL
Número de control de estantería C-55676-7
Sublocalización o colección R.86815
Holdings
Estatus retirado Estado de pérdida Estado de daño No para préstamo Biblioteca de origen Biblioteca actual Ubicación en estantería Fecha de adquisición Fuente de adquisición Total de préstamos Signatura topográfica completa Código de barras Visto por última vez Precio de reemplazo Tipo de ítem Koha
        Biblioteca del Ateneo de Madrid Biblioteca del Ateneo de Madrid Depósito 2 17/01/2008     C-55676-7 1127569 23/02/2023 23/02/2023 Libro impreso